Statistics for Asia Map with Random Merged Countries

Click here to take the quiz!

General Stats

  • This quiz has been taken 14,846 times
  • The average score is 11 of 12

Answers on the Map

Answers color-coded by a green-red scale on the quiz's map according to % correct below.
 

Answer Stats

Group NameCountry% Correct
Merged CountriesChina
100%
Merged CountriesChina
100%
Merged CountriesChina
100%
Merged CountriesChina
99%
Merged CountriesChina
99%
Merged CountriesChina
99%
Merged CountriesIndia
99%
Merged CountriesKazakhstan
99%
Merged CountriesChina
98%
Merged CountriesIndia
98%
Merged CountriesIran
98%
Merged CountriesMongolia
98%
Merged CountriesChina
97%
Merged CountriesChina
97%
Merged CountriesChina
97%
Merged CountriesIran
97%
Merged CountriesIran
97%
Merged CountriesIran
97%
Merged CountriesIraq
97%
Merged CountriesKazakhstan
97%
Merged CountriesPakistan
97%
Merged CountriesPakistan
97%
Merged CountriesSaudi Arabia
97%
Merged CountriesChina
96%
Merged CountriesIran
96%
Merged CountriesKazakhstan
96%
Merged CountriesMyanmar
96%
Merged CountriesNorth Korea
96%
Merged CountriesOman
96%
Merged CountriesSaudi Arabia
96%
Merged CountriesSouth Korea
96%
Merged CountriesTurkey
96%
Merged CountriesTurkey
96%
Merged CountriesTurkey
96%
Merged CountriesChina
95%
Merged CountriesIndia
95%
Merged CountriesIran
95%
Merged CountriesIraq
95%
Merged CountriesIraq
95%
Merged CountriesLaos
95%
Merged CountriesMyanmar
95%
Merged CountriesNorth Korea
95%
Merged CountriesOman
95%
Merged CountriesSaudi Arabia
95%
Merged CountriesThailand
95%
Merged CountriesUzbekistan
95%
Merged CountriesYemen
95%
Merged CountriesYemen
95%
Merged CountriesAfghanistan
94%
Merged CountriesIndia
94%
Merged CountriesIraq
94%
Merged CountriesLaos
94%
Merged CountriesMyanmar
94%
Merged CountriesNepal
94%
Merged CountriesNepal
94%
Merged CountriesPakistan
94%
Merged CountriesSyria
94%
Merged CountriesTurkmenistan
94%
Merged CountriesTurkmenistan
94%
Merged CountriesVietnam
94%
Merged CountriesAfghanistan
93%
Merged CountriesBangladesh
93%
Merged CountriesIraq
93%
Merged CountriesPakistan
93%
Merged CountriesThailand
93%
Merged CountriesUzbekistan
93%
Merged CountriesAzerbaijan
92%
Merged CountriesCambodia
92%
Merged CountriesJordan
92%
Merged CountriesKyrgyzstan
92%
Merged CountriesLaos
92%
Merged CountriesLaos
92%
Merged CountriesSyria
92%
Merged CountriesThailand
92%
Merged CountriesVietnam
92%
Merged CountriesAfghanistan
91%
Merged CountriesBhutan
91%
Merged CountriesKyrgyzstan
91%
Merged CountriesTajikistan
91%
Merged CountriesTurkey
91%
Merged CountriesBhutan
90%
Merged CountriesCambodia
90%
Merged CountriesIndia
90%
Merged CountriesSyria
90%
Merged CountriesTurkmenistan
90%
Merged CountriesUzbekistan
90%
Merged CountriesVietnam
90%
Merged CountriesGeorgia
89%
Merged CountriesIndia
89%
Merged CountriesJordan
89%
Merged CountriesMyanmar
89%
Merged CountriesCambodia
88%
Merged CountriesKyrgyzstan
88%
Merged CountriesTajikistan
88%
Merged CountriesTajikistan
88%
Merged CountriesLaos
87%
Merged CountriesIndonesia
86%
Merged CountriesTurkey
86%
Merged CountriesAfghanistan
85%
Merged CountriesTajikistan
85%
Merged CountriesMalaysia
84%
Merged CountriesArmenia
83%
Merged CountriesSaudi Arabia
82%
Merged CountriesUnited Arab Emirates
80%
Merged CountriesThailand
79%
Merged CountriesOman
78%
Merged CountriesSaudi Arabia
78%
Merged CountriesJordan
77%
Merged CountriesMalaysia
76%
Merged CountriesUnited Arab Emirates
76%

Score Distribution

Percentile by Number Answered

Percent of People with Each Score

Your Score History

You have not taken this quiz